Anagrams : 20 random LoL champs - Statistics

General Stats
  • This quiz has been taken 1,894 times
    22 since last reset
  • The average score is 12 of 20
Answer Stats
Champion % Correct
Akali
100%
Akshan
100%
Amumu
100%
Aphelios
100%
Bard
100%
Cho'Gath
100%
Darius
100%
Evelynn
100%
Gragas
100%
Gwen
100%
Hwei
100%
Jhin
100%
Kai'Sa
100%
Kassadin
100%
Kennen
100%
Kha'Zix
100%
Kindred
100%
Kled
100%
Kog'Maw
100%
Lucian
100%
Lulu
100%
Lux
100%
Mel
100%
Milio
100%
Naafiri
100%
Nami
100%
Nunu & Willump
100%
Olaf
100%
Ornn
100%
Poppy
100%
Pyke
100%
Qiyana
100%
Rengar
100%
Ryze
100%
Shaco
100%
Smolder
100%
Sona
100%
Talon
100%
Twitch
100%
Urgot
100%
Varus
100%
Veigar
100%
Vel'Koz
100%
Vex
100%
Vladimir
100%
Warwick
100%
Xayah
100%
Yone
100%
Zed
100%
Ziggs
100%
Zilean
100%
Zoe
100%
Zac
83%
Fizz
80%
Anivia
75%
Aurora
75%
Azir
75%
Ekko
75%
Quinn
75%
Soraka
75%
Yasuo
75%
Alistar
67%
Ashe
67%
Jinx
67%
Karthus
67%
Lissandra
67%
Maokai
67%
Miss Fortune
67%
Nilah
67%
Rell
67%
Sett
67%
Shen
67%
Sion
67%
Sivir
67%
Tahm Kench
67%
Taric
67%
Thresh
67%
Udyr
67%
Vayne
67%
Vi
67%
Ezreal
60%
Katarina
60%
Shyvana
60%
Swain
60%
Taliyah
60%
Wukong
60%
Zaahen
60%
Ambessa
50%
Caitlyn
50%
Cassiopeia
50%
Dr.Mundo
50%
Elise
50%
Gnar
50%
Illaoi
50%
Janna
50%
Jayce
50%
Kalista
50%
K'Sante
50%
LeBlanc
50%
Leona
50%
Lillia
50%
Malphite
50%
Malzahar
50%
Master Yi
50%
Nautilus
50%
Renata Glasc
50%
Sylas
50%
Syndra
50%
Teemo
50%
Trundle
50%
Viego
50%
Xin Zhao
50%
Yuumi
50%
Zeri
50%
Senna
40%
Aatrox
33%
Aurelion Sol
33%
Briar
33%
Corki
33%
Irelia
33%
Ivern
33%
Jarvan IV
33%
Rammus
33%
Samira
33%
Sejuani
33%
Yunara
33%
Tristana
25%
Twisted Fate
25%
Ahri
0%
Annie
0%
Bel'Veth
0%
Blitzkrank
0%
Brand
0%
Braum
0%
Camille
0%
Diana
0%
Draven
0%
Fiddlesticks
0%
Fiora
0%
Galio
0%
Gangplank
0%
Garen
0%
Graves
0%
Hecarim
0%
Heimerdinger
0%
Jax
0%
Karma
0%
Kayle
0%
Kayn
0%
Lee Sin
0%
Mordekaiser
0%
Morgana
0%
Nasus
0%
Neeko
0%
Nidalee
0%
Nocturne
0%
Orianna
0%
Pantheon
0%
Rakan
0%
Rek'Sai
0%
Renekton
0%
Riven
0%
Rumble
0%
Seraphine
0%
Singed
0%
Skarner
0%
Tryndamere
0%
Viktor
0%
Volibear
0%
Xerath
0%
Yorick
0%
Zyra
0%
No matching quizzes found
Score Distribution
Percent of People with Each Score
Percentile by Number Answered
Your Score History
You have not taken this quiz since the last reset